000 00439nam a2200145Ia 4500
008 231129s2011||||xx |||||||||||||| ||spa||
020 _a978-958-758-318-2
040 _bspa
082 _a325.861 V297p
100 _aVargas Arana Pilar
245 0 _aPequeño equipaje grandes ilusiones: la migración írabe en Colombia
260 _c2011
264 _aBogotá Colombia : Taurus
942 _2ddc
_cBKS
999 _c22616
_d22616